000 00665nam a2200229 a 4500
001 BRCA_5256
005 20190320205015.0
008 301110s1925----u--a######---#000-0#eng-#
041 _aeng
044 _au
050 4 _aN7475
_b.R83 1925
100 1 _aRuckstull, F. W.
_913464
245 1 0 _aGreat works of art and what makes them great
_cby F. W. Ruckstull.
260 _aEstados Unidos
_bGarden City
_cc1925
300 _axix, 552 p.
_bil.
_c26 cm.
500 _aIncluye índice de ilustraciones, apéndice e índice alfabético
500 _aE75
650 1 4 _aArte
_xCrítica
_99434
650 1 4 _aArtistas dementes
_913465
902 _aGFM
942 _2lcc
_cB
999 _c4950
_d4950